Pokémon - Arenaleiter in Hoenn - Statistics

General Stats
  • This quiz has been taken 4 times
  • The average score is 6 of 10
Answer Stats
Tipp Arenaleiter % Correct
5. Orden, Normal Norman
100%
8. Orden, Wasser, Rubin & Saphir Wassili
100%
4. Orden, Feuer Flavia
75%
3. Orden, Elektro Walter
75%
6. Orden, Flug Wibke
75%
7. Orden, Psycho, Zwilling Ben
50%
1. Orden, Stein Felizia
50%
8. Orden,Wasser, Smaragd Juan
25%
2. Orden, Kampf Kamillo
25%
7. Orden, Psycho, Zwilling Svenja
25%
No matching quizzes found
Score Distribution
Percent of People with Each Score
Percentile by Number Answered
Your Score History
You have not taken this quiz